[Event "ICS rated blitz match"]
[Site "204.178.125.65"]
[Date "1999.09.29"]
[Round "?"]
[White "Hossa"]
[Black "Randolf-Raatass"]
[Result "1-0"]
[WhiteElo "2488"]
[BlackElo "2144"]
[Annotator "Fritz 5.32 (29s)"]
[PlyCount "83"]
[EventDate "1999.??.??"]

1. e4 Nf6 2. e5 Nd5 3. c4 Nb6 4. d4 d6 5. exd6 cxd6 6. Nc3 g6 7. a4 Bg7 8. a5
N6d7 9. Nf3 O-O 10. Be2 Nc6 11. O-O Nxa5 12. b4 Nc6 13. b5 13... Ncb8 $146 (
13... Na5 14. Bg5 b6 15. Nd5 Re8 16. Nb4 Bb7 17. Rc1 h6 18. Be3 e5 19. d5 Qc7
20. Nc6 a6 21. Nxa5 bxa5 22. b6 Nxb6 23. Qd2 Kh7 24. c5 dxc5 25. d6 Qd7 26.
Rxc5 Rac8 27. Rfc1 Rxc5 28. Rxc5 {
Dovzik,J-Farago,S/Budapest 1993/EXT 97/ - (38)}) 14. Be3 Nf6 15. Qd2 Ng4 16.
Bg5 h6 17. Bh4 g5 18. Nxg5 hxg5 19. Qxg5 Nf6 20. Qg3 Nbd7 21. Bg5 Ne8 22. Nd5
Ndf6 23. Nxf6+ exf6 (23... Nxf6 24. Bf3 $17) 24. Bh6 24... Bf5 $11 (24... f5 $5
$15) 25. Bf3 {Weiss erhaelt starke Initiative} 25... Bg6 $14 (25... Qb6 26.
Rfe1 Bg6 27. Bd5 $11) 26. Bxg7 Nxg7 27. Bxb7 27... Rb8 $16 (27... Nf5 $5 {
ist zu erwaegen} 28. Qg4 Rb8 29. Rxa7 29... Qb6 $14) 28. Bd5 $1 {
die richtige Fortsetzung, um den Vorteil festzuhalten} (28. Rxa7 {bringt nichts
} 28... Qb6 29. Rfa1 Rxb7 30. Rxb7 Qxb7 31. Qxd6 31... Qe4 $19) 28... Bh7 $18 (
28... Bf5 29. Rxa7 Qb6 30. Ra6 Qxd4 31. Rxd6 $16) 29. Rxa7 Qb6 30. Rd7 Qxd4 31.
Qxd6 31... Rb6 $4 {ein Fehler, doch es war nicht viel zu retten} (31... Qe5
$142 32. Qxe5 32... fxe5 $18) 32. Bxf7+ $1 {
Rueckgabe des Materials ist das staerkste} 32... Rxf7 33. Rd8+ 33... Ne8 {
Schwarz kann das gewonnene Material nicht behalten} 34. Rxe8+ Kg7 35. Qxd4 Rbb7
36. Rfe1 Rbd7 37. Qg4+ Bg6 38. h4 f5 39. Qg5 Rd4 (39... Rf6 {
aendert den traurigen Lauf der Dinge nicht} 40. R1e7+ Rxe7 41. Rxe7+ Rf7 42.
Re6 Kf8 43. Rxg6 Ke8 44. Rd6 Ra7 45. Qg6+ Kf8 46. Rf6+ Ke7 47. Rf7+ Kd8 48.
Qg8#) 40. R8e6 Rg4 (40... Rd8 {macht keinen grossen Unterschied} 41. Rxg6+ Kh8
42. Qxd8+ Rf8 43. Qxf8+ Kh7 44. Rh6#) 41. Rxg6+ Kf8 (41... Kh8 {
aendert nichts mehr} 42. Rh6+ Rh7 43. Re8#) 42. Qd8# (42. Rg8#) 1-0

[Event "ICS rated blitz match"]
[Site "204.178.125.65"]
[Date "1999.10.15"]
[Round "?"]
[White "Hossa"]
[Black "RedBear"]
[Result "0-1"]
[WhiteElo "2320"]
[BlackElo "2577"]
[PlyCount "86"]
[EventDate "1999.??.??"]

1. e4 c6 2. d4 d5 3. exd5 cxd5 4. c4 Nf6 5. Nc3 e6 6. Nf3 Be7 7. cxd5 Nxd5 8.
Bb5+ Bd7 9. Bc4 Bc6 10. O-O O-O 11. Ne5 Qa5 12. Bd2 Qb6 13. Nxc6 bxc6 14. Bc1
Nd7 15. Bb3 Kh8 16. Ne4 N7f6 17. Re1 Rad8 18. Nc3 Bb4 19. Na4 Qb8 20. Re2 Ne7
21. Be3 Ng4 22. g3 Nxe3 23. fxe3 Nf5 24. g4 Nh6 25. Rc2 e5 26. Rxc6 exd4 27.
exd4 Qf4 28. d5 Nxg4 29. Qe2 Bd2 30. Kh1 Be3 31. Qg2 Nf2+ 32. Kg1 Ne4+ 33. Kh1
Qh4 34. Qf3 Rfe8 35. Rc2 Nf2+ 36. Kg1 Rd6 37. Re1 Nh3+ 38. Kf1 Rf6 39. Qxf6
gxf6 40. Ree2 Qg4 41. Rxe3 Qg1+ 42. Ke2 Rxe3+ 43. Kd2 43... Qe1# {
Hossa checkmated} 0-1

[Event "ICS rated blitz match"]
[Site "204.178.125.65"]
[Date "1999.09.29"]
[Round "?"]
[White "Hossa"]
[Black "RedBear"]
[Result "0-1"]
[WhiteElo "2471"]
[BlackElo "2594"]
[Annotator "Fritz 5.32 (29s)"]
[PlyCount "79"]
[EventDate "1999.??.??"]

1. e4 c5 2. Nf3 d6 3. d4 cxd4 4. Nxd4 Nf6 5. Nc3 a6 6. Be2 e6 7. O-O Be7 8. Qd2
$146 (8. Kh1 O-O (8... Nc6 9. a4 Qc7 10. Nb3 b6 11. f4 O-O 12. Bf3 Bb7 13. g4
Nb4 14. g5 Nd7 15. Be3 Rac8 16. Rf2 Rfe8 17. Qd2 Nc6 18. Ne2 Nc5 19. Nxc5 dxc5
20. Ng3 Rcd8 21. Qc3 e5 22. f5 Nd4 23. f6 {
Vlagsma,C-Devos,P/Maastricht 1946/MCD/ - (34)}) (8... Qc7 9. a4 b6 10. f4 Bb7
11. Bf3 Nbd7 12. Nde2 O-O 13. Be3 Rfd8 14. Ng3 Nc5 15. Qe2 Rac8 16. Rfd1 Bf8
17. Rd2 d5 18. e5 Nfe4 19. Bxe4 Nxe4 20. Ncxe4 dxe4 21. Rad1 Rxd2 22. Rxd2 Qc6
23. b3 Bb4 24. Rd4 Qc3 25. Nxe4 Bxe4 26. Rxe4 Qa1+ 27. Bg1 Rxc2 28. Qxc2 Bc5
29. Rd4 {1-0 Santos,J-Rizopoulos,G/Lugano 1968/MCD (29)}) 9. f4 Nbd7 10. f5 Nc5
11. Bf3 e5 12. Nb3 d5 13. Nxc5 Bxc5 14. Bg5 d4 15. Nd5 Be7 16. Nxe7+ Qxe7 17.
Qe1 h6 18. Bd2 Qc7 19. Qg3 Kh7 20. Rac1 Qe7 21. a3 a5 22. Qh3 22... Kg8 {
Varihelli,S-Moncayo,E/Szeged 1994/TD/0-1 (39)}) (8. Qd3 O-O 9. Qg3 Kh8 10. a4
Nc6 11. Nxc6 bxc6 12. a5 Bb7 13. e5 dxe5 14. Qxe5 Nd5 15. Rd1 Bd6 16. Qh5 f5
17. Ra4 Nf6 18. Qh3 Qc7 19. Bg5 Be5 20. Rh4 c5 21. Bc4 Rae8 22. Re1 h6 23. Bxh6
gxh6 24. Rxh6+ Kg7 25. Qh4 25... Bf4 {
0-1 Rantanen,Y-Ornstein,A/Jarvenpaa 1985/MCD (25)}) 8... Bd7 9. f4 O-O 10. Bf3
e5 11. Nb3 Kh8 12. Rd1 {Mit Angriff auf den rueckstaendigen Bauern} (12. Qf2
12... b5 $14) 12... Nc6 (12... exf4 13. Qxf4 Nc6 14. Be3 $11) 13. Qe2 (13. Nd5
Nxd5 14. exd5 Qb6+ 15. Kh1 Nb4 16. fxe5 16... dxe5 $16) 13... Na5 14. Nxa5 Qxa5
15. Qf2 Rfc8 16. Nd5 {Schoenes Feld d5!} 16... Nxd5 17. Rxd5 Qc7 18. fxe5 $15 (
18. c3 Bc6 19. Rd1 19... Bf6 $11) 18... Be6 19. Rd3 $17 (19. Rd1 dxe5 20. c3
20... Bc5 $15) 19... dxe5 20. Rc3 Qa5 21. Rxc8+ Rxc8 22. Be3 22... f6 {Deckt g5
} ({Jedoch nicht} 22... Bxa2 23. c3 $14) 23. a3 {Kontrolliert b4} 23... Qb5 24.
c3 {Verwehrt dem Gegner b4} 24... Rd8 25. Bb6 Rd3 26. Re1 Qc6 27. Re3 $4 $19 (
27. Kh1 $15 $142 {nur damit konnte man noch auf Rettung hoffen}) 27... Qxb6 $1
{ist die Ueberraschung!} 28. Rxd3 Bc5 29. Rd4 (29. Rd8+ {
koennte noch eine geringe Chance darstellen} 29... Bg8 $1 {das wars} 30. Rd2
$19) 29... exd4 {Droht Matt: dxc3} (29... Bxd4 $6 30. cxd4 exd4 31. b4 $19) 30.
b4 30... dxc3 {Droht Matt} 31. bxc5 Qb1+ 32. Qf1 c2 33. c6 33... c1=R {
Es droht Matt} 34. Qxc1 Qxc1+ 35. Kf2 Qd2+ 36. Be2 36... Bc4 $1 {
das war die Absicht. Es droht Matt} 37. Kg3 g5 38. Kh3 Qe1 39. g4 Bxe2 40. Kg2
0-1

[Event "ICS rated blitz match"]
[Site "204.178.125.65"]
[Date "1999.09.29"]
[Round "?"]
[White "Hossa"]
[Black "RedBear"]
[Result "1/2-1/2"]
[WhiteElo "2478"]
[BlackElo "2587"]
[Annotator "Fritz 5.32 (22s)"]
[PlyCount "187"]
[EventDate "1999.??.??"]

1. d4 Nf6 2. c4 e6 3. Nc3 Bb4 4. Qc2 O-O 5. a3 Bxc3+ 6. Qxc3 b6 7. Bg5 Bb7 8.
d5 $146 {Raumgewinn} (8. e3 h6 (8... Re8 9. Nf3 d6 10. Bd3 10... Nbd7 {
- Khalifman,A-Ehlvest,J/Novosibirsk 1995/CBM 50 (10)}) 9. Bh4 c5 (9... g5 10.
Bg3 Ne4 11. Qc2 f5 12. f3 Nxg3 13. hxg3 Qf6 14. Bd3 c5 15. dxc5 bxc5 16. O-O-O
Nc6 17. f4 Rab8 18. Ne2 Na5 19. Rh2 d5 20. Qc3 dxc4 21. Bc2 Bd5 22. Rdh1 g4 23.
Rxh6 Qxc3 24. Nxc3 {Flear,C-Petraki,M/Athens 1989/EXT 97/1-0 (35)}) (9... Re8
10. f3 d5 11. Bd3 Nbd7 12. cxd5 exd5 13. Bf2 c5 14. Ne2 Rc8 15. Rd1 Qe7 16. O-O
cxd4 17. Qxd4 Ne5 18. Bb5 Red8 19. Rc1 Nc4 20. Rfd1 Nd6 21. Bd3 Re8 22. Qa4 Ra8
23. Nd4 a6 24. Qb4 b5 25. b3 Rac8 26. Qa5 g6 27. a4 bxa4 28. Qxa4 Qd7 29. Qa5
Qd8 30. Qa3 Qb6 31. Kh1 Nd7 32. Rxc8 Rxc8 33. h4 Nc5 34. Be2 Kh7 35. Bg3 Nb5
36. Qb4 Ne6 37. Qe7 Nd8 38. h5 {1-0 Flear,C-Jackson,S/Blackpool 1990/TD (38)})
10. dxc5 bxc5 11. f3 Nc6 12. Bd3 Qa5 13. Qxa5 Nxa5 14. b4 Nc6 15. b5 Ne5 16.
Be2 a6 17. Bg3 d6 18. Bxe5 dxe5 19. Nh3 axb5 20. cxb5 Ra5 21. Kf2 Rfa8 22. Rhc1
22... Rxa3 {Sakalauskas,V-Skrebnevskis,R/Vilnius 1996/CBM 53 ext/1-0 (40)}) (8.
Qg3 8... c5 $14) 8... exd5 9. Bxf6 Qxf6 10. Qxf6 gxf6 11. cxd5 Bxd5 12. O-O-O
Be6 13. g3 Nc6 14. Bg2 Rad8 15. Rd3 Na5 16. Rc3 c5 17. Nf3 17... d5 {
Schwarz geht zum Angriff ueber} 18. a4 (18. b4 d4 19. Rc2 Nb3+ 20. Kb2 20... c4
$17) 18... d4 19. Ra3 Bd5 20. Rf1 $19 (20. Ne1 Nb3+ 21. Kb1 21... c4 $17) 20...
Nb3+ 21. Kd1 c4 22. Ne1 Rfe8 23. Bxd5 Rxd5 24. Ng2 24... d3 {Droht Matt} 25.
Ne3 dxe2+ 26. Kxe2 Rd2+ 27. Kf3 Rxb2 (27... Rd3 28. Kg2 Re4 29. Re1 $17) 28.
Nxc4 Nd4+ 29. Kg2 Rc2 30. Ne3 Rd2 31. Nd5 (31. Nc4 31... Nc2 $15) 31... Kg7 32.
Nc7 (32. Ne3 Nc2 33. Nxc2 33... Rxc2 $17) 32... Ree2 33. Rc3 Nc2 34. Kg1 Re4
35. Rc1 Ne1 36. Ra1 (36. h4 Nd3 37. R1c2 Rxc2 38. Rxc2 Rxa4 39. Ne8+ Kf8 40.
Nxf6 Ra1+ 41. Kh2 41... h6 $19) 36... Ree2 (36... Nd3 $5 37. Rca3 $19) 37. Nb5
Nd3 38. Nd4 Rxf2 39. Rxd3 Rxd3 40. Kxf2 Rxd4 41. Ke3 Rb4 42. Ra2 (42. a5 42...
Kg6 $19) 42... a6 43. Kd3 Kg6 44. Kc3 Re4 (44... a5 45. Rd2 $19) 45. Kd3 Re5
46. Kc3 Kf5 47. Kc4 Ra5 48. Kb4 Ke6 49. Rc2 Kd6 50. Rc8 Re5 51. Rd8+ Kc7 52.
Rf8 Re7 53. Ra8 Kc6 54. Rc8+ 54... Kd5 $15 (54... Kd7 55. Rh8 $17) 55. Rd8+ Ke5
56. Ra8 b5 57. axb5 axb5 58. Kxb5 f5 59. Rc8 Kf6 60. Rc6+ Kg7 61. Rc2 f4 62.
gxf4 Re4 63. Rc4 Re2 64. h3 Re3 65. h4 Rh3 66. f5 Rh2 (66... Kf6 67. Kc6 $17)
67. Kc6 Kf6 68. Kd7 68... Rd2+ $15 (68... h5 $5 $17) 69. Ke8 69... Kxf5 $11 (
69... h5 $5 $15) 70. Kxf7 Rd7+ 71. Ke8 Rb7 72. Rd4 Kg6 73. Rf4 Kh5 74. Kf8 h6
75. Re4 Rc7 76. Ke8 Rg7 77. Rf4 $17 (77. Kf8 $11 $142 {
und Weiss kann noch kaempfen}) 77... Rg4 78. Rf2 Kxh4 79. Kf7 h5 80. Kf6 Kg3
81. Rd2 h4 82. Rd3+ Kh2 83. Ke5 (83. Kf5 83... Rc4 $19) 83... h3 84. Kf5 Rg3
85. Rd2+ Kh1 86. Ke4 (86. Kf4 86... Rg8 $19) 86... h2 87. Kf4 {Droht Matt: Kxg3
} 87... Rg2 $11 (87... Rc3 88. Kg4 Re3 89. Kf4 $17) 88. Rd1+ 88... Rg1 {
Mit der Mattdrohung Rxd1} 89. Rd2 89... Rg7 {Schwarz droht stark Kg1} 90. Kf3
Rf7+ 91. Kg3 {Es droht Matt} 91... Rg7+ 92. Kf3 Rf7+ 93. Kg3 {
Mit der Mattdrohung Rd1} 93... Rg7+ 94. Kf3 1/2-1/2

[Event "ICS rated blitz match"]
[Site "204.178.125.65"]
[Date "1999.08.28"]
[Round "?"]
[White "Hossa"]
[Black "RedBear"]
[Result "0-1"]
[WhiteElo "2434"]
[BlackElo "2560"]
[PlyCount "90"]
[EventDate "1999.??.??"]

1. d4 Nf6 2. Nf3 g6 3. c4 Bg7 4. g3 O-O 5. Bg2 d6 6. O-O Nbd7 7. Nc3 e5 8. Bg5
h6 9. Bxf6 Qxf6 10. d5 Nc5 11. e4 a5 12. Nd2 a4 13. f4 exf4 14. Nb5 Qxb2 15.
Rb1 Qxa2 16. Rxf4 Ra5 17. Rf2 Nd3 18. Rf1 Rxb5 19. Rxb5 Bd4+ 20. Kh1 Nf2+ 21.
Rxf2 Bxf2 22. Qe2 Bd4 23. Rb1 Bc3 24. Rd1 a3 25. Qd3 Qb2 26. Nb1 Bb4 27. Nd2 a2
28. Nb3 Bc3 29. Na1 Bg4 30. Rg1 Be2 31. Qe3 Bxc4 32. Qc1 Ra8 33. Re1 Ra4 34.
Rg1 Qxc1 35. Rxc1 Rb4 36. Bf1 Rb1 37. Rxc3 Rxa1 38. Rxc4 Rxf1+ 39. Kg2 a1=Q 40.
Rxc7 Rg1+ 41. Kf2 Qe1+ 42. Kf3 Rf1+ 43. Kg2 Rf2+ 44. Kh3 Qf1+ 45. Kh4 45...
Rxh2+ {Hossa resigns} 0-1

[Event "ICS rated blitz match"]
[Site "204.178.125.65"]
[Date "1999.10.15"]
[Round "?"]
[White "Hossa"]
[Black "RedBear"]
[Result "0-1"]
[WhiteElo "2356"]
[BlackElo "2585"]
[PlyCount "95"]
[EventDate "1999.??.??"]

1. e4 c6 2. Nf3 d5 3. Nc3 Bg4 4. h3 Bxf3 5. Qxf3 Nf6 6. e5 Nfd7 7. d4 e6 8. Bf4
c5 9. dxc5 Nc6 10. Qg3 Qa5 11. O-O-O g6 12. Bd2 d4 13. Nb5 Qxa2 14. c3 Qa1+ 15.
Kc2 Qa4+ 16. Kc1 Rc8 17. cxd4 a6 18. Nc3 Qa1+ 19. Kc2 Nxd4+ 20. Kd3 Qxb2 21.
Kxd4 Rxc5 22. f4 Rc8 23. Qe1 Qb4+ 24. Kd3 g5 25. fxg5 Bg7 26. Ke3 Qc5+ 27. Kf3
Nxe5+ 28. Kg3 Ng6 29. Ne4 Qc7+ 30. Kf3 Rd8 31. Rc1 Qe5 32. Rc5 Rd5 33. Rxd5
Qxd5 34. Kg3 Be5+ 35. Kg4 f5+ 36. gxf6 Bd4 37. Ng5 h5+ 38. Kg3 h4+ 39. Kh2 Qd6+
40. g3 hxg3+ 41. Qxg3 Be5 42. Be1 Bxg3+ 43. Bxg3 Qd2+ 44. Bg2 Qxg5 45. Bxb7 Nf4
46. Bc6+ Kf7 47. h4 Rxh4+ 48. Kg1 {Hossa resigns} 0-1

[Event "ICS rated blitz match"]
[Site "204.178.125.65"]
[Date "1999.08.30"]
[Round "?"]
[White "Hossa"]
[Black "Ripari"]
[Result "1-0"]
[WhiteElo "2506"]
[BlackElo "2043"]
[PlyCount "63"]
[EventDate "1999.??.??"]

1. e4 c5 2. Nf3 Nc6 3. d4 cxd4 4. Nxd4 g6 5. Nxc6 bxc6 6. Bd3 Bg7 7. O-O Nf6 8.
Nc3 O-O 9. e5 Nd5 10. Nxd5 cxd5 11. Re1 d6 12. exd6 Qxd6 13. Rb1 e5 14. Be3 e4
15. Bxe4 Be6 16. Bf3 Rad8 17. Bd4 Bh6 18. Bxa7 Ra8 19. Qd4 Qa6 20. Bc5 Bg7 21.
Qd3 Qxa2 22. Bxf8 Bxf8 23. Qb5 Bg7 24. c4 Rd8 25. cxd5 Bxd5 26. Rbd1 Qxb2 27.
Qxb2 Bxb2 28. Rxd5 Ra8 29. Rd7 Bf6 30. Bxa8 h5 31. Bd5 Bg5 32. Re8+ {
Ripari resigns} 1-0

[Event "ICS rated blitz match"]
[Site "204.178.125.65"]
[Date "1999.08.31"]
[Round "?"]
[White "Hossa"]
[Black "Risitas"]
[Result "1/2-1/2"]
[WhiteElo "2547"]
[BlackElo "2309"]
[PlyCount "85"]
[EventDate "1999.??.??"]

1. c4 c5 2. Nc3 Nc6 3. e4 g6 4. Nge2 Bg7 5. d3 e5 6. Nd5 Nge7 7. Bg5 h6 8. Bf6
O-O 9. Bxg7 Kxg7 10. f3 d6 11. Kf2 Be6 12. Nxe7 Qxe7 13. b3 Rab8 14. g3 f5 15.
Nc3 Nd4 16. Bg2 a6 17. Re1 f4 18. g4 Qh4+ 19. Kg1 h5 20. g5 Qxg5 21. Kh1 Qh4
22. Rg1 Kh6 23. Qf1 g5 24. Rd1 g4 25. Nd5 g3 26. h3 Bxd5 27. cxd5 Rbc8 28. Rb1
a5 29. a3 Ra8 30. Qd1 b6 31. b4 Qe7 32. bxc5 bxc5 33. Qd2 Rab8 34. Rxb8 Rxb8
35. Qxa5 Rb2 36. Rf1 Qb7 37. Qd8 Rxg2 38. Qh8+ Kg6 39. Qg8+ Kh6 40. Qh8+ Kg6
41. Qg8+ Kh6 42. Qh8+ Kg6 43. Qg8+ {Game drawn by repetition} 1/2-1/2

[Event "ICS rated blitz match"]
[Site "204.178.125.65"]
[Date "1999.10.17"]
[Round "?"]
[White "Hossa"]
[Black "RiverMountain"]
[Result "0-1"]
[WhiteElo "2549"]
[BlackElo "2274"]
[PlyCount "76"]
[EventDate "1999.??.??"]

1. e4 d5 2. exd5 Qxd5 3. Nc3 Qa5 4. d4 c6 5. Nf3 Bf5 6. Bc4 Nf6 7. Bd2 e6 8.
Nd5 Qd8 9. Nxf6+ gxf6 10. c3 Qc7 11. Nh4 Bg6 12. O-O Nd7 13. f4 Bd6 14. Nxg6
hxg6 15. Qc2 g5 16. Qe4 O-O-O 17. Rae1 Rdg8 18. Re2 f5 19. Qf3 Rh4 20. Be1 Rxf4
21. Qh5 Rxf1+ 22. Kxf1 Nf6 23. Qh6 Qd8 24. g3 f4 25. gxf4 Bxf4 26. Bd3 Qd5 27.
Kg1 Qf3 28. Bc4 g4 29. Qh4 g3 30. h3 g2 31. Bf2 Bg3 32. Qxg3 Rxg3 33. Bd5 Nxd5
34. Re3 Qxf2+ 35. Kxf2 g1=Q+ 36. Ke2 Rxe3+ 37. Kd2 Qf2+ 38. Kd1 38... Re1# {
Hossa checkmated} 0-1

[Event "ICS rated blitz match"]
[Site "204.178.125.65"]
[Date "1999.08.30"]
[Round "?"]
[White "Hossa"]
[Black "SABINAH"]
[Result "0-1"]
[WhiteElo "2512"]
[BlackElo "2200"]
[PlyCount "122"]
[EventDate "1999.??.??"]

1. e4 c6 2. Nf3 d5 3. Nc3 Bg4 4. Be2 e6 5. exd5 cxd5 6. O-O Nc6 7. Re1 Nf6 8.
Ng5 Bxe2 9. Nxe2 Be7 10. Nf4 O-O 11. Nfxe6 fxe6 12. Nxe6 Qd6 13. Nxf8 Rxf8 14.
Rb1 Ne4 15. f3 Nf6 16. d4 Qb4 17. c3 Qd6 18. Qb3 b6 19. Qb5 Na5 20. Bf4 Qxf4
21. Rxe7 Nc4 22. Qa6 Ng4 23. Kf1 Nd2+ 24. Ke2 Nxb1 25. Qd3 Qxh2 26. fxg4 Qxg2+
27. Kd1 Rf1+ 28. Re1 Rxe1+ 29. Kxe1 Qxb2 30. Qe3 Qxc3+ 31. Kf2 Qxe3+ 32. Kxe3
Nc3 33. a3 Nb1 34. Kf4 Nxa3 35. Ke5 Nb5 36. Kxd5 a5 37. Kc4 Nxd4 38. Kxd4 b5
39. Kc3 a4 40. Kb4 Kf7 41. Kc3 Ke6 42. Kb4 Kd5 43. Ka3 h6 44. Kb2 g6 45. Kc2 h5
46. gxh5 gxh5 47. Kd1 h4 48. Kc1 a3 49. Kd2 b4 50. Kd1 a2 51. Ke2 a1=Q 52. Ke3
Qd4+ 53. Kf3 b3 54. Ke2 b2 55. Kf1 b1=Q+ 56. Ke2 Qc4+ 57. Ke3 Qbe4+ 58. Kd2
Qcd3+ 59. Kc1 Qec4+ 60. Kb2 Qdb3+ 61. Ka1 61... Qca4# {Hossa checkmated} 0-1

[Event "ICS rated blitz match"]
[Site "204.178.125.65"]
[Date "1999.09.03"]
[Round "?"]
[White "Hossa"]
[Black "SAR"]
[Result "1-0"]
[WhiteElo "2511"]
[BlackElo "2344"]
[PlyCount "63"]
[EventDate "1999.??.??"]

1. e4 c5 2. Nf3 Nc6 3. d4 cxd4 4. Nxd4 g6 5. c4 Nf6 6. Nxc6 dxc6 7. Qxd8+ Kxd8
8. Bd3 e5 9. O-O Kc7 10. Bg5 Bg7 11. Rd1 h6 12. Be3 Ng4 13. Bd2 Be6 14. f3 Nf6
15. c5 Rad8 16. Bc2 Rd4 17. Ba5+ b6 18. cxb6+ axb6 19. Bd2 Rhd8 20. Kf2 Nh5 21.
a4 Nf4 22. a5 b5 23. Kg1 f5 24. a6 Bc4 25. Ba5+ Kc8 26. Bxd8 Ne2+ 27. Kf2 Bf8
28. a7 Bc5 29. a8=Q+ Kd7 30. Qb7+ Ke6 31. Qxc6+ Rd6+ 32. Qxc5 {SAR resigns} 1-0

[Event "ICS rated blitz match"]
[Site "204.178.125.65"]
[Date "1999.09.02"]
[Round "?"]
[White "Hossa"]
[Black "SMJT"]
[Result "1-0"]
[WhiteElo "2546"]
[BlackElo "2236"]
[PlyCount "103"]
[EventDate "1999.??.??"]

1. e4 e5 2. Nf3 Nc6 3. Bb5 a6 4. Ba4 Nf6 5. O-O Be7 6. Re1 b5 7. Bb3 O-O 8. c3
d5 9. exd5 Nxd5 10. Nxe5 Nxe5 11. Rxe5 c6 12. d4 Bd6 13. Re4 Bf5 14. Bxd5 cxd5
15. Re3 Qh4 16. h3 Rae8 17. Qf1 Be4 18. Nd2 Bf4 19. g3 Qg5 20. Nxe4 dxe4 21.
Re2 e3 22. Kh2 Re6 23. a4 bxa4 24. d5 Re4 25. gxf4 Qxf4+ 26. Kh1 Qf3+ 27. Kg1
exf2+ 28. Rxf2 Qg3+ 29. Qg2 Re1+ 30. Rf1 Rxf1+ 31. Kxf1 Qd3+ 32. Kg1 Re8 33.
Bh6 g6 34. Rf1 a3 35. bxa3 Qxc3 36. Bc1 Qd4+ 37. Kh2 Re4 38. Qg5 Re2+ 39. Kg3
f5 40. Qd8+ Kg7 41. Qd7+ Kg8 42. Qc8+ Kg7 43. Qc7+ Kg8 44. d6 Qe5+ 45. Rf4 Re3+
46. Bxe3 Qxe3+ 47. Rf3 Qg1+ 48. Kf4 Qd4+ 49. Kg5 Qd2+ 50. Rf4 h6+ 51. Kxg6 Qg2+
52. Rg4 {SMJT resigns} 1-0

[Event "ICS rated blitz match"]
[Site "204.178.125.65"]
[Date "1999.09.03"]
[Round "?"]
[White "Hossa"]
[Black "SMJT"]
[Result "1-0"]
[WhiteElo "2568"]
[BlackElo "2199"]
[PlyCount "59"]
[EventDate "1999.??.??"]

1. e4 e5 2. Nf3 Nc6 3. Bb5 a6 4. Ba4 Nf6 5. O-O Be7 6. Bxc6 dxc6 7. Nxe5 Nxe4
8. Re1 Nf6 9. d3 O-O 10. Bg5 Be6 11. b3 h6 12. Bh4 Nd7 13. Nxd7 Qxd7 14. Bxe7
Qxe7 15. d4 Qf6 16. c3 Rfe8 17. Nd2 a5 18. Re3 a4 19. bxa4 Ra5 20. Nc4 Rg5 21.
Qb1 b6 22. Qe4 Ra8 23. f4 Rh5 24. Qxc6 Bd5 25. Qxf6 gxf6 26. Nb2 Kh7 27. c4 Bb7
28. Re7 Rg8 29. Rxf7+ Kh8 30. g3 {SMJT resigns} 1-0

[Event "ICS rated blitz match"]
[Site "204.178.125.65"]
[Date "1999.08.28"]
[Round "?"]
[White "Hossa"]
[Black "SPToth"]
[Result "1-0"]
[WhiteElo "2515"]
[BlackElo "2084"]
[PlyCount "71"]
[EventDate "1999.??.??"]

1. d4 e6 2. e4 d5 3. Nd2 Nf6 4. Bd3 c5 5. e5 Nfd7 6. c3 Nc6 7. Ne2 cxd4 8. cxd4
f6 9. Nf4 Nxd4 10. Qh5+ Ke7 11. Ng6+ hxg6 12. exf6+ Nxf6 13. Qxh8 Kf7 14. O-O
e5 15. Re1 e4 16. Bb1 Bf5 17. Qh4 Bd6 18. Nf1 Qc7 19. Bg5 Ne6 20. Bxf6 gxf6 21.
Ne3 Qa5 22. Qh7+ Ng7 23. Rd1 Be6 24. Bxe4 Bxh2+ 25. Qxh2 dxe4 26. Qh6 Rc8 27.
Rd4 f5 28. Rad1 Qe5 29. Rb4 b6 30. Ra4 a5 31. b3 f4 32. Nc4 Bxc4 33. Rxc4 Rxc4
34. bxc4 Qf5 35. Rd6 f3 36. Rxb6 {SPToth resigns} 1-0

[Event "ICS rated blitz match"]
[Site "204.178.125.65"]
[Date "1999.09.03"]
[Round "?"]
[White "Hossa"]
[Black "Sabalero"]
[Result "1-0"]
[WhiteElo "2555"]
[BlackElo "2375"]
[PlyCount "21"]
[EventDate "1999.??.??"]

1. d4 d6 2. c4 Bd7 3. Nf3 h5 4. e4 g6 5. Nc3 Bg7 6. Bg5 f6 7. Be3 Kf7 8. c5 Nh6
9. Qb3+ e6 10. cxd6 cxd6 11. Qxb7 {Sabalero resigns} 1-0

[Event "ICS rated blitz match"]
[Site "204.178.125.65"]
[Date "1999.09.04"]
[Round "?"]
[White "Hossa"]
[Black "Sabalero"]
[Result "1-0"]
[WhiteElo "2564"]
[BlackElo "2285"]
[PlyCount "59"]
[EventDate "1999.??.??"]

1. e4 d6 2. d4 Bd7 3. Nf3 Na6 4. Bxa6 bxa6 5. c4 h5 6. O-O g6 7. Nc3 Bh6 8.
Bxh6 Nxh6 9. Nd5 e6 10. Nc3 Ng4 11. Qd3 Kf8 12. b3 Rb8 13. h3 Qe7 14. hxg4 hxg4
15. Nh2 f5 16. Qg3 Qg5 17. exf5 exf5 18. Nd5 Re8 19. Rae1 Rd8 20. f4 Qh5 21.
Nxc7 Kf7 22. Re2 Rh6 23. Rfe1 Bc6 24. Re7+ Kf8 25. Ne6+ Kxe7 26. Ng7+ Kf7 27.
Nxh5 gxh5 28. d5 h4 29. Qe3 Bd7 30. Qe7+ {Sabalero resigns} 1-0

[Event "ICS rated blitz match"]
[Site "204.178.125.65"]
[Date "1999.09.04"]
[Round "?"]
[White "Hossa"]
[Black "Sabalero"]
[Result "1-0"]
[WhiteElo "2552"]
[BlackElo "2297"]
[PlyCount "24"]
[EventDate "1999.??.??"]

1. e4 d6 2. d4 Bd7 3. Nf3 h5 4. Bc4 g6 5. c3 Bh6 6. Nbd2 Na6 7. Qb3 Rb8 8.
Bxf7+ Kf8 9. Bxg6 e6 10. Qd1 Nf6 11. Nh4 Bg5 12. Ndf3 12... Ng4 {
Sabalero resigns} 1-0

[Event "ICS rated blitz match"]
[Site "204.178.125.65"]
[Date "1999.10.02"]
[Round "?"]
[White "Hossa"]
[Black "SeaHawk"]
[Result "1-0"]
[WhiteElo "2423"]
[BlackElo "2382"]
[PlyCount "59"]
[EventDate "1999.??.??"]

1. e4 c5 2. Nf3 d6 3. d4 cxd4 4. Nxd4 Nf6 5. Nc3 Nc6 6. Bg5 Bd7 7. Bxf6 gxf6 8.
Be2 Rg8 9. Nxc6 bxc6 10. Bf3 Rb8 11. Rb1 Qa5 12. Qd4 e5 13. Qd2 h5 14. O-O h4
15. b4 Qc7 16. b5 cxb5 17. Nd5 Qd8 18. Rfd1 f5 19. exf5 Bxf5 20. Qe2 a6 21. Nb4
Qb6 22. Bc6+ Bd7 23. Bxd7+ Kxd7 24. Qxe5 Qb7 25. Qf5+ Kd8 26. Nd5 Rg6 27. Rb4
Rc8 28. Rxh4 Bg7 29. Nf4 Rf6 30. Qg5 {SeaHawk resigns} 1-0

[Event "ICS rated blitz match"]
[Site "204.178.125.65"]
[Date "1999.10.16"]
[Round "?"]
[White "Hossa"]
[Black "Secret"]
[Result "0-1"]
[WhiteElo "2473"]
[BlackElo "2722"]
[PlyCount "115"]
[EventDate "1999.??.??"]

1. d4 d5 2. c4 e5 3. dxe5 d4 4. Nf3 Nc6 5. Nbd2 Be6 6. Nb3 Bxc4 7. Nbxd4 Nxd4
8. Qxd4 Qxd4 9. Nxd4 O-O-O 10. e3 Bb4+ 11. Bd2 Bxd2+ 12. Kxd2 Bxf1 13. Raxf1
Rd5 14. e6 c5 15. exf7 Nh6 16. Rc1 Kb8 17. Kd3 cxd4 18. exd4 Nxf7 19. Rhd1 Rhd8
20. Ke3 Nd6 21. g4 Re8+ 22. Kf3 Re4 23. h3 Rexd4 24. Rxd4 Rxd4 25. Re1 Rd3+ 26.
Re3 Rxe3+ 27. fxe3 Kc7 28. e4 Nc4 29. b3 Ne5+ 30. Ke3 g5 31. b4 Kd6 32. a4 Ng6
33. Kd4 Nf4 34. Ke3 Nxh3 35. Kf3 Nf4 36. Ke3 Ke5 37. Kf3 Kd4 38. e5 Kxe5 39. b5
Nd5 40. a5 Nf6 41. Kg3 Ke4 42. a6 b6 43. Kh3 Kd3 44. Kg3 Nxg4 45. Kxg4 Kc4 46.
Kxg5 Kxb5 47. Kh6 Kxa6 48. Kg7 h5 49. Kh6 h4 50. Kg5 h3 51. Kf6 h2 52. Ke5 h1=Q
53. Kf5 Qd5+ 54. Kg4 Qe4+ 55. Kg3 b5 56. Kf2 b4 57. Kg3 b3 58. Kf2 {
Hossa resigns} 0-1